banner-ar

مواقع الناشرين العرب على شبكة الانترنت : (Record no. 61221)

MARC details
000 -الفاتح
حقل البيانات ثابتة الطول 01004nam a22002417a 4500
005 - وقت وتاريخ اخر تعامل مع التسجيلة
رقم الضبط 20240530110449.0
008 - عناصر البيانات ثابتة الطول - معلومات عامة
حقل البيانات ثابتة الطول 150504s2010 ua ad g 000 0 ara d
017 ## - رقم الايداع القانونى
رقم الايداع القانونى 23440/2009
المصدر ( الهيئة المختصة) مصر . دار الكتب المصرية
020 ## - الرقم الدولى المعيارى للكتب
الرقم الدولى المعيارى للكتاب 9789773191169
040 ## - مصدر الفهرسة
وكالة الفهرسة الأصلية EG-CaGPL
082 04 - رقم تصنيف ديوى العشرى
رقم الطبعة 21
رقم التصنيف 070.592\
رقم المادة ف م
100 0# - المدخل الرئيسى - إسم شخصى
الإسم الشخصى فهد ساعاتى
245 10 - بيان العنوان
العنوان مواقع الناشرين العرب على شبكة الانترنت :
بقية العنوان دارسة تقييمية مع التخطيط لبناء موقع نموذج /
بيان المسئوليه,etc فهد ساعاتى
250 ## - بيان الطبعة
بيان الطبعة ط1
260 ## - PUBLICATION, DISTRIBUTION, ETC. (IMPRINT)
تاريخ النشر أو التوزيع 2010 .
300 ## - الوصف المادى
التعداد 271 ص :
تفاصيل ماديه اخرى للوعاء جداول ؛
أبعاد الوعاء 24 سم .
650 04 - المدخل الاضافى بالموضوع-مصطلح موضوعى
مصطلح موضوعي الانتاج الفكرى
650 04 - المدخل الاضافى بالموضوع-مصطلح موضوعى
مصطلح موضوعي مواقع الانترنت
التقسيم الفرعي العام تقييم
650 04 - المدخل الاضافى بالموضوع-مصطلح موضوعى
مصطلح موضوعي مواقع الناشرين العرب على الانترنت
650 04 - المدخل الاضافى بالموضوع-مصطلح موضوعى
مصطلح موضوعي الناشرون
التقسيم الفرعي العام مواقع الكترونية
942 ## - عناصر المدخل الإضافي( كوها)
مصدر التصنيف او مخطط الترفيف Dewey Decimal Classification
Koha [default] item type كتاب
260 ## - PUBLICATION, DISTRIBUTION, ETC. (IMPRINT)
-- القاهرة :
-- العربى للنشر و التوزيع ،
Holdings
حالة التراجع حالة الفقد حالة تلف ليس للاعارة المكان المؤقت الموقع الحالى تاريخ الاكتساب اجمالي اﻻعارات رقم الطلب الباركود تاريخ اخر مشاهدة تاريخ تفعيل السعر نوع وعاء كوها
        مكتبة القاهرة الكبرى مكتبة القاهرة الكبرى 05/04/2015   070.592\ ف م 160465 05/04/2015 05/04/2015 كتاب

Powered By

EGPV